000 00505nam a2200181Ia 4500
005 20250508163403.0
008 008 250505s9999 xx 000 0 hin d
037 _aTextual
040 _aFEDL
_beng
_cFEDL
041 _ahin
_2hin
084 _a640.7, TAN
_qFEDL
100 _aTandon Rani
_9775246
245 0 _aGrahvigiyan shikshan nirdeshika
260 _aAllahabad, India
_bKumar Prakashan Samiti
_c1970
300 _a187p.
942 _cTEXL
_h640.7, TAN
999 _c1382745
_d1382745